000 01207cam a2200373 a 4500
001 100881
005 20230410101830.0
008 850607s1982 dr a b 000 0 spa
010 _a 83237444
035 _a(OCoLC)ocm12237905
040 _aDLC
_cDLC
_dCLU
035 _a(OCoLC)12237905
041 _aspa
050 1 4 _a118 B 809.8
_bR977c 1982
082 0 0 _a146.3
100 1 _aRutinel Domínguez, José Ulises.
245 1 0 _aCategorías del materialismo histórico /
_cJosé Ulises Rutinel Domínguez, Edgar de Labastida R.
250 _a2a ed.
260 _aSanto Domingo :
_bEditora de la U.A.S.D.,
_cc1982.
300 _a142 p. :
_bill. ;
_c21 cm.
490 1 _aColección Historia y sociedad ;
_vno. 55
500 _a"Vol. CCCXIV"--P. 4 cover.
504 _aIncludes bibliographical references.
650 0 _aDialectical materialism.
650 0 _aMarxian economics.
650 4 _aMaterialismo dialéctico.
650 4 _aMaterialismo histórico
_xHistoria.
650 4 _a20150600
700 1 _aLabastida R., Edgar de.
830 0 _aColección Historia y sociedad (Santo Domingo, Dominican Republic) ;
_vno. 55.
942 _2lcc
_cbk
946 _aCV
994 _aC0
_bDRFGD
999 _c14766
_d14766